Memoria sobre las sociedades corales en España, dedicada a la Real Academia Española de Arqueología y Geografía del Príncipe Alfonso / (Record no. 165577)

MARC details
000 -LEADER
campo de control de longitud fija 00990nam a2200217 i 4500
001 - NÚMERO DE CONTROL
campo de control 165577
003 - IDENTIFICADOR DE NÚMERO DE CONTROL
campo de control ES-MaACL
005 - FECHA Y HORA DE LA ÚLTIMA TRANSACCIÓN
campo de control 20250930063147.0
008 - DATOS DE LONGITUD FIJA--INFORMACIÓN GENERAL
campo de control de longitud fija 981019s1865 sp |||| | spa d
080 ## - NÚMERO DE LA CLASIFICACIÓN DECIMAL UNIVERSAL
Número de la Clasificación Decimal Universal 78
100 1# - ENTRADA PRINCIPAL--NOMBRE DE PERSONA
Nombre de persona Soriano Fuertes, Mariano,
Fechas asociadas al nombre 1817-1880
9 (RLIN) 152764
245 10 - MENCIÓN DEL TÍTULO
Título Memoria sobre las sociedades corales en España, dedicada a la Real Academia Española de Arqueología y Geografía del Príncipe Alfonso /
Mención de responsabilidad, etc. por el socio... Mariano Soriano Fuertes.
260 ## - PUBLICACIÓN, DISTRIBUCIÓN, ETC.
Lugar de publicación, distribución, etc. Barcelona :
Nombre del editor, distribuidor, etc. [s.n.],
Fecha de publicación, distribución, etc. 1865 (
Fabricante Est. tip. de Narciso Ramírez y Rialp)
300 ## - DESCRIPCIÓN FÍSICA
Extensión 94 p. ;
Dimensiones 25 cm.
500 ## - NOTA GENERAL
Nota general Dedicada a la Real Academia Española de Arqueología y Geografía del Príncipe Alfonso.
530 ## - NOTA DISPONIBLE DE FORMULARIO FÍSICO ADICIONAL
Nota de formato físico adicional disponible Disponible en formato digital.
650 #4 - PUNTO DE ACCESO ADICIONAL DE MATERIA--TÉRMINO DE MATERIA
Término de materia o nombre geográfico como elemento de entrada Música coral-
Subdivisión geográfica España.
9 (RLIN) 136567
852 4# - LOCALIZACIÓN
Ubicación ES-MaACL
Número de control de estantería T-67-F-7
Nota libre - Enc. hol.
-- - Enc. en un vol. facticio
856 4# - LOCALIZACIÓN Y ACCESO ELECTRÓNICOS
Identificador Uniforme de Recursos <a href="http://bdh-rd.bne.es/viewer.vm?id=0000047371&page=1 ">http://bdh-rd.bne.es/viewer.vm?id=0000047371&page=1 </a>
Nota pública Ir a la página
Holdings
Estatus retirado Estado de pérdida Estado de daño No para préstamo Colección Biblioteca de origen Biblioteca actual Ubicación en estantería Fecha de adquisición Total de préstamos Signatura topográfica completa Código de barras Visto por última vez Precio de reemplazo Tipo de ítem Koha
        Colección de folletos Biblioteca del Ateneo de Madrid Biblioteca del Ateneo de Madrid Depósito folletos 17/01/2008   T-67-F-7 1173642 23/02/2023 23/02/2023 Folleto